| 000 | 00501nam a2200169 i 4500 | ||
|---|---|---|---|
| 001 | 43862 | ||
| 003 | ES-MaACL | ||
| 005 | 20230906160907.0 | ||
| 007 | t| | ||
| 008 | 030318s1970 sp ||||1| spa d | ||
| 100 | 1 |
_aCesar, Kurt. _937672 |
|
| 245 | 1 | 0 |
_aEnciclopedia de la vida sexual y conyugal / _cKurt Cesar, Aldo Saponaro. |
| 260 |
_aBarcelona : _bDe Vecchi, _c[1970] |
||
| 300 |
_a499 p., 9 lám. : _bil. ; _c19 cm. |
||
| 700 | 1 |
_aSaponaro, Aldo. _9103722 |
|
| 852 |
_aES-MaACL _jC-50102 _bR.76338 |
||
| 999 |
_c43862 _d43862 |
||